000 02560nam a2200337 4500
005 20191211114929.0
008 160523k19971998enk |||fr|||| 000 0dmul d
020 _a978-0-674-99570-3
020 _a0-674-99565-1
040 _aCO-BoUCM
_bspa
_cSandra Yazo
_dSandra Yazo
041 1 _alat
_aeng
082 0 4 _220
_a945
092 _aE61N037
100 1 _aSuetonio Tranquilo, Cayo
_999539
242 0 0 _aSuetonius
_cWith an english translation by J. C. Rolfe ; Introduction by K. R. Bradley
_yspa
245 1 0 _aSuetonio
_cTraducción al inglés por J. C. Rolfe. Introducción de K. R. Bradley
260 _aLondon (Inglaterra)
_bHarvard University Press [Imprenta de la Universidad de Harvard]
_c1997-1998
300 _a2 volúmenes (507 ; 548 páginas)
_c16 x 11 cm.
490 0 _aLoeb classical Library
_v131 ; 138
500 _aDetalles físicos: Encuadernación rígida. Cartón duro forrado en tela. Lomo con adornos en dorado. En la tapa delantera anagrama en dorado. Cubierta de papel rojo con solapa, que incluye datos de autor y de la obra. Guardas. Hoja de cortesía. Anteportada. Portada impresa en una sola tinta; información sobre la obra dentro de un recuadro. Pequeño grabado con el emblema de la Colección (Palas Athenea); en el círculo, la inscripción “Loeb Classical Library”. Texto muy bien impreso en una sola columna: el texto latín, con párrafos numerados, ocupa la página derecha; la traducción inglesa correspondiente a la página de la izquierda. Notas de pie de página. Incluye índice. Hojas de cortesía posteriores y guardas
505 0 _aV.1: Introducción ; Bibliografía ; Vidas de los Césares: Libro I (Julio deificado) ; Libro II (Augusto deificado) ; Libro III (Tiberio) ; Libro IV (Calígula) ; Árbol genealógico de la familia Julia-Claudia -- V.2: Vidas de los Césares: Libro V (Claudio) ; Libro VI (Nerón) ; Libro VIII (Galba, Otón y Vitelio) ; Libro VIII (Vespasiano, Tito y Domiciano) ; Vidas de varones ilustres: Nota Introductoria ; Gramáticos ; Retóricos ; Poetas (Terencio, Virgilio, Horacio, Tibulo, Persio, Lucano) ; Plinio el Viejo ; Pasieno Crispo ; Índice
506 _aConsulta en sala
546 _aTexto en latín e inglés
650 7 _916967
_aHistoriografía
_zRoma
650 7 _97556
_aEmperadores
_xRoma
651 0 4 _aRoma (Italia)
_xHistoria
_926698
690 _aHistoria de Europa
_926509
700 1 _aRolfe, J.C.
_d1859-1943
_q(John Carew)
_999529
_etraductor
700 1 _aK. R. Bradley
_d1946-
_q(Keith R.)
_999530
942 _2LOCAL
_cLIBRO
_e1
_hE61N037
999 _c316954
_d316954